000 00629nam a22002297a 4500
003 UA-OsUOA
001 21495
007 ta
008 20031209b un ||||| |||| 00| 0 ukr d
100 _aЛяско А.
090 _a330.1
_bЛ97
942 _cSA
040 _aUA-OsUOA
_brus
_cUA-OsUOA
_dUA-OsUOA
245 _aМежфирменное доверие и шумпетерианские инновации
300 _aС.27-41
955 _a0
041 _arus
080 _a330.1
044 _aUA
773 0 _w0
_tВопросы економики
_dМ..
_d2003
_g№11
650 7 _aЕкономічна теорія
_2UDC
999 _c307696
_d307696